Chief Ministers of each Indian state (Map) - Statistics

General Stats
  • This quiz has been taken 104 times
  • The average score is 11 of 31
Answers on the Map
Answers color-coded by a green-red scale on the quiz's map according to % correct below.
 
Answer Stats
Answer % Correct
M. K. Stalin
64%
Yogi Adityanath
64%
Mamata Banerjee
59%
Nitish Kumar
55%
Devendra Fadnavis
50%
Bhajan Lal Sharma
45%
Omar Abdullah
45%
Rekha Gupta
45%
Bhagwant Mann
41%
Hemant Soren
41%
Mohan Yadav
41%
Pinarayi Vijayan
41%
Bhupendrabhai Patel
36%
Himanta Biswa Sarma
36%
Pramod Sawant
32%
Pushkar Singh Dhami
32%
Conrad Sangma
27%
Lalduhoma
27%
Mohan Charan Majhi
27%
Nayab Singh Saini
27%
N. Chandrababu Naidu
27%
Neiphiu Rio
27%
Pema Khandu
27%
Siddaramaiah
27%
Vishnu Deo Sai
27%
Manik Saha
23%
N. Rangaswamy
23%
Prem Singh Tamang
23%
Sukhvinder Singh Sukhu
23%
Anumula Revanth Reddy
18%
MANIPUR IS VACANT
0%
No matching quizzes found
Score Distribution
Percent of People with Each Score
Percentile by Number Answered
Your Score History
You have not taken this quiz